00322nam a2200121Ia 4500008004100000020002200041041000800063082002100071100001800092245002600110260005500136300000900191230519s9999 xx 000 0 und d a978-81-95076-78-9 aeng aX/891/WAG/DB0956 aWagh Mahendra aHrunanubandh Raktache bBharatiy Vichar Sadhana Pune PrakashanaPunec2021 a264p